[Event "Ceyreste Cassis op 2nd"]
[Site "Ceyreste"]
[Date "2025.05.31"]
[Round "6"]
[White "Philippe, Guillaume"]
[Black "Joie, Sebastien"]
[Result "1/2-1/2"]
[WhiteElo "2330"]
[BlackElo "2380"]
[PlyCount "95"]
[EventDate "2025.05.29"]
[EventType "swiss"]
[EventRounds "7"]
[EventCountry "FRA"]
[SourceTitle "CB23_2025"]
[SourceDate "2025.06.04"]
[SourceVersion "1"]
[SourceVersionDate "2025.06.04"]
[SourceQuality "1"]

1. e4 c6 2. d3 d5 3. Nd2 e6 4. Ngf3 c5 5. g3 Nc6 6. Bg2 Nf6 7. 0-0 Be7 8. Re1 0-0 9. e5 Nd7 10. Nf1 a5 11. h4 f5 12. exf6 Nxf6 13. N1h2 Bd6 14. c4 d4 15. Ng5 e5 16. Ne4 Nxe4 17. Bxe4 Qf6 18. Re2 Bf5 19. Bg5 Qg6 20. a3 h6 21. Bd2 Rf6 22. Qb3 Bxe4 23. Rxe4 Raf8 24. Rf1 Qf7 25. Be1 Rg6 26. Qd1 Qd7 27. Qh5 Kh7 28. Qe2 Kh8 29. Qh5 Qf7 30. Qe2 b6 31. Rg4 Re6 32. Re4 Rf6 33. Bd2 Qg6 34. Kg2 Rf5 35. Qg4 Qf7 36. Qe2 Qb7 37. Kg1 Qf7 38. Kg2 Nb8 39. f4 exf4 40. Bxf4 Bxf4 41. Rfxf4 Rxf4 42. Rxf4 Qb7+ 43. Qf3 Qxf3+ 44. Kxf3 Re8 45. Re4 Rf8+ 46. Rf4 Re8 47. Re4 Rf8+ 48. Rf4 1/2-1/2

[Event "Ceyreste Cassis op 2nd"]
[Site "Ceyreste"]
[Date "2025.05.30"]
[Round "3"]
[White "De Carvalho Massabo, Raphael"]
[Black "Philippe, Guillaume"]
[Result "1/2-1/2"]
[WhiteElo "2197"]
[BlackElo "2330"]
[PlyCount "94"]
[EventDate "2025.05.29"]
[EventType "swiss"]
[EventRounds "7"]
[EventCountry "FRA"]
[SourceTitle "CB23_2025"]
[SourceDate "2025.06.04"]
[SourceVersion "1"]
[SourceVersionDate "2025.06.04"]
[SourceQuality "1"]

1. c4 e5 2. g3 Nc6 3. Bg2 Bc5 4. Nc3 a6 5. e3 Ba7 6. Nge2 d6 7. d4 h5 8. b4 h4 9. b5 axb5 10. cxb5 Nce7 11. dxe5 dxe5 12. Bb2 Qxd1+ 13. Rxd1 f6 14. 0-0 Nh6 15. Ba3 hxg3 16. hxg3 Bg4 17. Bxb7 Rb8 18. Bg2 Nf7 19. Rd2 Ng5 20. Rc1 Nf3+ 21. Bxf3 Bxf3 22. Kf1 Rh1+ 23. Ng1 Bb6 24. e4 g5 25. Rd3 g4 26. Bxe7 Kxe7 27. Nd5+ Kf7 28. Rxf3 gxf3 29. Rc3 Bd4 30. Rxf3 Rxb5 31. Kg2 Rh6 32. Nxc7 Rb2 33. a3 Ra2 34. Nd5 Bc5 35. Nh3 Ke6 36. Rc3 Kd6 37. Rf3 Ke6 38. Rc3 Bxa3 39. g4 Bd6 40. Rf3 Be7 41. Rf5 Bd8 42. Kg3 Ra3+ 43. f3 Ra1 44. Kg2 Ra2+ 45. Kg3 Ra1 46. Kg2 Ra2+ 47. Kg3 Ra1 1/2-1/2

[Event "Allauch op 6th"]
[Site "Allauch"]
[Date "2024.08.29"]
[Round "6"]
[White "Degraeve, Jean Marc"]
[Black "Philippe, Guillaume"]
[Result "0-1"]
[WhiteElo "2487"]
[BlackElo "2356"]
[PlyCount "60"]
[EventDate "2024.08.26"]
[EventType "swiss"]
[EventRounds "9"]
[EventCountry "FRA"]
[SourceTitle "CBM 221 Extra"]
[Source "ChessBase"]
[SourceDate "2024.09.30"]
[SourceVersion "1"]
[SourceVersionDate "2024.09.30"]
[SourceQuality "1"]

1. e4 c5 2. Nf3 e6 3. c3 Nf6 4. e5 Nd5 5. a3 d6 6. d4 cxd4 7. c4 Nc7 8. Qxd4 Nc6 9. Qe4 dxe5 10. Nxe5 Qd4 11. Qxd4 Nxd4 12. Kd1 f6 13. Nf3 Nxf3 14. gxf3 b6 15. Bd3 Bb7 16. Ke2 0-0-0 17. Rd1 Bd6 18. h3 Kb8 19. Nc3 Be5 20. Ne4 f5 21. Ng5 Rd7 22. Bc2 Rxd1 23. Bxd1 Bf6 24. Rb1 Ba6 25. b3 h6 26. Nf7 Rf8 27. Nd6 Be5 28. Nb5 Nxb5 29. cxb5 Bxb5+ 30. Ke3 Rd8 0-1

[Event "Allauch op 6th"]
[Site "Allauch"]
[Date "2024.08.26"]
[Round "1"]
[White "Gonzalez De Linares, Milan"]
[Black "Philippe, Guillaume"]
[Result "0-1"]
[WhiteElo "1821"]
[BlackElo "2356"]
[PlyCount "114"]
[EventDate "2024.08.26"]
[EventType "swiss"]
[EventRounds "9"]
[EventCountry "FRA"]
[SourceTitle "CBM 221 Extra"]
[Source "ChessBase"]
[SourceDate "2024.09.30"]
[SourceVersion "1"]
[SourceVersionDate "2024.09.30"]
[SourceQuality "1"]

1. d4 Nf6 2. c4 e6 3. Nf3 Bb4+ 4. Bd2 Be7 5. g3 0-0 6. Bg2 d5 7. 0-0 c6 8. Nc3 Nbd7 9. Bf4 dxc4 10. a4 Nd5 11. Nd2 Nxf4 12. gxf4 Nb6 13. a5 Nd5 14. e3 Bb4 15. Qc2 Bxa5 16. Nxc4 Bc7 17. Rfb1 a6 18. b4 Rb8 19. Ne4 Qe7 20. Nc5 Kh8 21. Kh1 Qh4 22. Ne5 Nf6 23. Ncd3 Bd6 24. Rg1 Nd5 25. Bf3 f6 26. Bxd5 exd5 27. Nf3 Qh5 28. Rg3 Bf5 29. Rag1 Be4 30. Qd1 g5 31. R1g2 Rg8 32. Kg1 g4 33. Nfe1 Bxg2 34. Kxg2 Rg6 35. Nc2 Rbg8 36. Qg1 Qf5 37. Qd1 h5 38. Kf1 h4 39. Rg1 R8g7 40. Nce1 g3 41. hxg3 hxg3 42. Qf3 gxf2 43. Rh1+ Rh7 44. Rxh7+ Kxh7 45. Kxf2 Qg4 46. Qxg4 Rxg4 47. Nf3 Rg7 48. Nd2 Kg6 49. Nb3 b6 50. Nd2 Rh7 51. Kg2 Kf5 52. Nf1 a5 53. bxa5 bxa5 54. Nb2 Rb7 55. Na4 Rb4 56. Nc3 a4 57. Kf3 a3 0-1

[Event "Menton op 20th"]
[Site "Menton"]
[Date "2023.10.29"]
[Round "9"]
[White "Kuhn, Clement"]
[Black "Philippe, Guillaume"]
[Result "1/2-1/2"]
[WhiteElo "2338"]
[BlackElo "2333"]
[PlyCount "29"]
[EventDate "2023.10.22"]
[EventType "swiss"]
[EventRounds "9"]
[EventCountry "FRA"]
[SourceTitle "EXT 2025"]
[Source "ChessBase"]
[SourceDate "2024.10.14"]
[SourceVersion "1"]
[SourceVersionDate "2024.10.14"]
[SourceQuality "1"]

1. e4 e5 2. Nf3 Nc6 3. Bb5 a6 4. Ba4 Nge7 5. Nc3 d6 6. d4 b5 7. Bb3 Nxd4 8. Nxd4 exd4 9. Qh5 Ng6 10. Nd5 c6 11. Bg5 Qa5+ 12. Bd2 Qd8 13. Bg5 Qa5+ 14. Bd2 Qd8 15. Bg5 1/2-1/2

[Event "Marseille Estival 1st"]
[Site "Marseille"]
[Date "2023.08.02"]
[Round "4"]
[White "Philippe, Guillaume"]
[Black "Zienkiewicz, Jan"]
[Result "1/2-1/2"]
[WhiteElo "2360"]
[BlackElo "2177"]
[PlyCount "74"]
[EventDate "2023.07.31"]
[EventType "swiss"]
[EventRounds "9"]
[EventCountry "FRA"]
[SourceTitle "CBM 215 Extra"]
[Source "ChessBase"]
[SourceDate "2023.09.30"]
[SourceVersion "1"]
[SourceVersionDate "2023.09.30"]
[SourceQuality "1"]

1. Nf3 Nf6 2. e3 g6 3. b4 Bg7 4. Bb2 0-0 5. c4 d5 6. cxd5 Nxd5 7. Bxg7 Kxg7 8. Qb3 Qd6 9. a3 e5 10. Qb2 f6 11. d3 b6 12. Nbd2 Bb7 13. Be2 Nd7 14. 0-0 Rac8 15. Rfc1 c5 16. Ne4 Qe7 17. bxc5 Nxc5 18. Nxc5 Rxc5 19. Rxc5 Qxc5 20. Rc1 Qe7 21. h3 Nc7 22. a4 Ne6 23. a5 bxa5 24. Qb5 Rd8 25. Qxa5 Bxf3 26. gxf3 Qb7 27. Kg2 Rd7 28. Rc4 Re7 29. h4 Rc7 30. Rb4 Qc6 31. Qa2 Qd6 32. Ra4 Qe7 33. Qb2 Nd8 34. d4 exd4 35. Rxd4 Nf7 36. Ra4 Nd6 37. Qa1 Nf5 1/2-1/2

[Event "Titled Tuesday intern op 18th Jul Early"]
[Site "Chess.com INT"]
[Date "2023.07.18"]
[Round "7"]
[White "Akhayan, Ruben"]
[Black "Philippe, Guillaume"]
[Result "0-1"]
[WhiteElo "2249"]
[BlackElo "2362"]
[PlyCount "84"]
[EventDate "2023.07.18"]
[EventType "swiss (blitz)"]
[EventRounds "11"]
[EventCountry "USA"]
[SourceTitle "EXT 2024"]
[Source "ChessBase"]
[SourceDate "2023.10.10"]
[SourceVersion "1"]
[SourceVersionDate "2023.10.10"]
[SourceQuality "1"]

1. e4 c5 2. Nf3 Nc6 3. g3 g6 4. Bg2 Bg7 5. 0-0 d6 6. c3 Nf6 7. Re1 0-0 8. d4 cxd4 9. cxd4 Qb6 10. d5 Ne5 11. Nc3 Bg4 12. Rb1 Rac8 13. Be3 Qb4 14. a3 Qa5 15. Bd4 Nfd7 16. Kh1 Nxf3 17. Bxg7 Nxe1 18. Qxg4 Kxg7 19. Rxe1 Nf6 20. Qe2 Qb6 21. h3 a6 22. Kh2 Qd4 23. f4 Qc4 24. Qxc4 Rxc4 25. e5 Nd7 26. exd6 exd6 27. Re7 Rd8 28. h4 Kf8 29. Re1 b5 30. Re2 Nb6 31. Ne4 Re8 32. g4 f5 33. gxf5 gxf5 34. Ng3 Rxe2 35. Nxe2 Ke7 36. Ng3 Kf6 37. Kh3 b4 38. a4 Nxa4 39. b3 Rxf4 40. bxa4 Rd4 41. Ne2 Rd3+ 42. Kh2 a5 0-1

[Event "Titled Tuesday intern op 18th Jul Early"]
[Site "Chess.com INT"]
[Date "2023.07.18"]
[Round "10"]
[White "Philippe, Guillaume"]
[Black "Goltsev, Dmitry"]
[Result "1-0"]
[WhiteElo "2362"]
[BlackElo "2244"]
[PlyCount "67"]
[EventDate "2023.07.18"]
[EventType "swiss (blitz)"]
[EventRounds "11"]
[EventCountry "USA"]
[SourceTitle "EXT 2024"]
[Source "ChessBase"]
[SourceDate "2023.10.10"]
[SourceVersion "1"]
[SourceVersionDate "2023.10.10"]
[SourceQuality "1"]

1. e4 e6 2. d4 d5 3. Nc3 c5 4. exd5 exd5 5. dxc5 Nf6 6. Nf3 Bxc5 7. Bd3 0-0 8. 0-0 Bg4 9. Bg5 Nc6 10. Bxf6 Qxf6 11. Nxd5 Qxb2 12. Bxh7+ Kh8 13. Bd3 Rad8 14. Rb1 Qxa2 15. Nc3 Qe6 16. Re1 Qh6 17. Ne4 Bb6 18. h3 Bh5 19. Ng3 Bg6 20. Qe2 Bxd3 21. cxd3 Qf4 22. Ne4 f6 23. Rb5 g6 24. g3 Qh6 25. Kg2 Kg7 26. Qb2 Rxd3 27. Neg5 Kh8 28. Re4 Kg8 29. Qa2+ Kg7 30. Ne6+ Kg8 31. Rh4 Qc1 32. Neg5+ Rd5 33. Qxd5+ Kg7 34. Rh7# 1-0

[Event "Titled Tuesday intern op 18th Jul Early"]
[Site "Chess.com INT"]
[Date "2023.07.18"]
[Round "2"]
[White "Philippe, Guillaume"]
[Black "Spichkin, Alexander"]
[Result "1-0"]
[WhiteElo "2362"]
[BlackElo "2052"]
[PlyCount "39"]
[EventDate "2023.07.18"]
[EventType "swiss (blitz)"]
[EventRounds "11"]
[EventCountry "USA"]
[SourceTitle "EXT 2024"]
[Source "ChessBase"]
[SourceDate "2023.10.10"]
[SourceVersion "1"]
[SourceVersionDate "2023.10.10"]
[SourceQuality "1"]

1. e4 e5 2. Nf3 d5 3. exd5 e4 4. Ne5 Qxd5 5. Nc4 Bf5 6. Ne3 Qe6 7. Bc4 Qg6 8. 0-0 Nd7 9. Nc3 Ngf6 10. d3 0-0-0 11. Nxf5 Qxf5 12. Be3 Ne5 13. Qe2 Nxc4 14. dxc4 Bd6 15. Nb5 Bxh2+ 16. Kxh2 Ng4+ 17. Kg1 Qe5 18. Qxg4+ f5 19. Qf4 Qf6 20. Qxc7# 1-0

[Event "Titled Tuesday intern op 18th Jul Late"]
[Site "Chess.com INT"]
[Date "2023.07.18"]
[Round "9"]
[White "Philippe, Guillaume"]
[Black "Zhigalko, Sergei"]
[Result "1/2-1/2"]
[WhiteElo "2362"]
[BlackElo "2572"]
[PlyCount "102"]
[EventDate "2023.07.18"]
[EventType "swiss (blitz)"]
[EventRounds "11"]
[EventCountry "USA"]
[SourceTitle "EXT 2024"]
[Source "ChessBase"]
[SourceDate "2023.10.10"]
[SourceVersion "1"]
[SourceVersionDate "2023.10.10"]
[SourceQuality "1"]

1. e4 c5 2. Nf3 Nc6 3. d4 cxd4 4. Nxd4 Nf6 5. Nc3 e5 6. Ndb5 d6 7. Nd5 Nxd5 8. exd5 Nb8 9. c4 Be7 10. c5 0-0 11. Bd3 a6 12. Nxd6 Bxd6 13. cxd6 Qxd6 14. 0-0 Nd7 15. Be3 Rd8 16. Qc2 Nf6 17. Rfd1 Bg4 18. f3 Rac8 19. Qb3 Bh5 20. Bf5 Nd7 21. Rac1 Rxc1 22. Rxc1 Bg6 23. Bh3 Nf6 24. Qxb7 Nxd5 25. Rd1 h6 26. Bf2 Kh7 27. a3 e4 28. fxe4 Bxe4 29. Qxf7 Rf8 30. Qd7 Qf4 31. Qa7 Qg5 32. Qd4 Re8 33. Qc5 Re5 34. Bg3 Nf4 35. Bxf4 Qxf4 36. Qf2 Qg5 37. Qg3 Qe7 38. Re1 Qa7+ 39. Qf2 Qe7 40. Rxe4 Rxe4 41. Bf5+ Kh8 42. Bxe4 Qxe4 43. h3 Kh7 44. Kh2 Qe5+ 45. Qg3 Qxb2 46. Qd3+ Kh8 47. Qxa6 Qe5+ 48. Kg1 Qe1+ 49. Kh2 Qe5+ 50. Kg1 Qe1+ 51. Kh2 Qe5+ 1/2-1/2

[Event "Titled Tuesday intern op 04th Jul Early"]
[Site "Chess.com INT"]
[Date "2023.07.04"]
[Round "1"]
[White "Fakhrutdinov, Timur"]
[Black "Philippe, Guillaume"]
[Result "1-0"]
[WhiteElo "2471"]
[BlackElo "2362"]
[PlyCount "181"]
[EventDate "2023.07.04"]
[EventType "swiss (blitz)"]
[EventRounds "11"]
[EventCountry "USA"]
[SourceTitle "EXT 2024"]
[Source "ChessBase"]
[SourceDate "2023.10.10"]
[SourceVersion "1"]
[SourceVersionDate "2023.10.10"]
[SourceQuality "1"]

1. e4 c5 2. Nf3 Nc6 3. d4 cxd4 4. Nxd4 Nf6 5. Nc3 e5 6. Ndb5 d6 7. Bg5 a6 8. Na3 b5 9. Nd5 Be7 10. Bxf6 Bxf6 11. c4 b4 12. Nc2 a5 13. b3 g6 14. g3 Bg7 15. Bg2 0-0 16. 0-0 Be6 17. Qd3 a4 18. Ndxb4 Nxb4 19. Nxb4 Qb6 20. Nc2 Rfc8 21. Rfd1 Bf8 22. Qe3 Rab8 23. Rd3 Rc7 24. Bf3 Rcb7 25. Bd1 Qc7 26. Rc3 h5 27. b4 Kh7 28. Be2 Bh6 29. Qd3 Qc6 30. Rd1 Rb6 31. a3 f5 32. Bf3 f4 33. c5 dxc5 34. Rxc5 Qe8 35. Rxe5 Bg7 36. Rc5 fxg3 37. hxg3 Bb3 38. Rd2 Rf6 39. Nd4 Rd8 40. e5 Rxd4 41. Qxd4 Rxf3 42. Rc7 Kh8 43. Qd8 Rf8 44. Qxe8 Rxe8 45. f4 g5 46. Rdd7 Rg8 47. Kf2 h4 48. gxh4 gxf4 49. Re7 Ba2 50. h5 Kh7 51. Kf3 Kh6 52. Kxf4 Kxh5 53. Rxg7 Rf8+ 54. Ke3 Re8 55. Rh7+ Kg6 56. Rhg7+ Kf5 57. Kd4 Rd8+ 58. Rgd7 Rh8 59. b5 Rh4+ 60. Kc5 Kxe5 61. Re7+ Kf6 62. b6 Rc4+ 63. Kb5 Rd4 64. b7 Rd1 65. Ka6 Rb1 66. Ka7 Bc4 67. b8Q Rxb8 68. Kxb8 Bb3 69. Ka7 Kf5 70. Kb6 Kf4 71. Kc5 Kf5 72. Kb4 Bd1 73. Rc3 Kf6 74. Ra7 Ke6 75. Rxa4 Kd6 76. Ra5 Ke6 77. Rac5 Kd6 78. a4 Be2 79. a5 Bf1 80. Rc6+ Kd7 81. R3c5 Bg2 82. Rb6 Kd8 83. a6 Kd7 84. a7 Bh1 85. Rb8 Kd6 86. a8Q Bxa8 87. Rxa8 Kd7 88. Ra6 Ke7 89. Rc7+ Kd8 90. Rh7 Kc8 91. Ra8# 1-0

[Event "Titled Tuesday intern op 04th Jul Early"]
[Site "Chess.com INT"]
[Date "2023.07.04"]
[Round "5"]
[White "Laddha, Shubh Jayesh"]
[Black "Philippe, Guillaume"]
[Result "0-1"]
[WhiteElo "2397"]
[BlackElo "2362"]
[PlyCount "104"]
[EventDate "2023.07.04"]
[EventType "swiss (blitz)"]
[EventRounds "11"]
[EventCountry "USA"]
[SourceTitle "EXT 2024"]
[Source "ChessBase"]
[SourceDate "2023.10.10"]
[SourceVersion "1"]
[SourceVersionDate "2023.10.10"]
[SourceQuality "1"]

1. Nf3 Nf6 2. c4 e6 3. g3 d5 4. Bg2 Be7 5. 0-0 0-0 6. b3 c5 7. cxd5 Nxd5 8. Nc3 Nc6 9. Nxd5 Qxd5 10. Bb2 Qh5 11. Rc1 e5 12. d3 Bh3 13. Bxh3 Qxh3 14. Nxe5 Nxe5 15. Bxe5 Rad8 16. e4 Rd7 17. Qf3 Rfd8 18. Rfd1 Qe6 19. Bb2 b6 20. Qe2 Bf6 21. Bxf6 Qxf6 22. f4 Rd4 23. Qe3 Qd6 24. Rc3 h5 25. Kg2 Re8 26. Re1 Rd8 27. e5 Qg6 28. Rd1 h4 29. Kf2 h3 30. Qf3 Qf5 31. a3 a5 32. Ke3 Qd7 33. Kd2 a4 34. Kc2 axb3+ 35. Kxb3 Qa4+ 36. Ka2 c4 37. e6 fxe6 38. Qg4 R8d6 39. Re1 Rxd3 40. Rxd3 cxd3 41. Qd1 Qc4+ 42. Kb2 Qd4+ 43. Ka2 Rd5 44. Qd2 Rc5 45. Rc1 Rxc1 46. Qxc1 Qf2+ 47. Kb3 d2 48. Qc8+ Kh7 49. Qc2+ Kh6 50. Kc3 Qe3+ 51. Kb2 Qd4+ 52. Ka2 d1Q 0-1

[Event "Titled Tuesday intern op 27th Jun Early"]
[Site "Chess.com INT"]
[Date "2023.06.27"]
[Round "2"]
[White "Goryachkina, Aleksandra"]
[Black "Philippe, Guillaume"]
[Result "1-0"]
[WhiteElo "2557"]
[BlackElo "2350"]
[PlyCount "111"]
[EventDate "2023.06.27"]
[EventType "swiss (blitz)"]
[EventRounds "11"]
[EventCountry "USA"]
[SourceTitle "EXT 2024"]
[Source "ChessBase"]
[SourceDate "2023.10.10"]
[SourceVersion "1"]
[SourceVersionDate "2023.10.10"]
[SourceQuality "1"]

1. e4 c5 2. Nf3 Nc6 3. Bb5 e6 4. Bxc6 bxc6 5. d3 Ne7 6. Nbd2 Ng6 7. h4 h5 8. e5 d5 9. exd6 Bxd6 10. Nc4 Bc7 11. Be3 Qe7 12. Qd2 Ba6 13. 0-0-0 0-0 14. g3 Rab8 15. Qc3 Rfd8 16. Rhe1 e5 17. Qa3 Bb5 18. Bxc5 Qe6 19. Ng5 Qf5 20. Ne3 Qf6 21. Ne4 Qe6 22. c4 f6 23. cxb5 Rxb5 24. Kb1 Ra5 25. Qb3 Qxb3 26. axb3 Rb8 27. b4 Ra6 28. Nc4 Kf7 29. Kc2 Ne7 30. Ra1 Rxa1 31. Rxa1 a5 32. bxa5 Nd5 33. a6 f5 34. Ng5+ Kf6 35. a7 Ra8 36. Ra6 f4 37. Rxc6+ Kf5 38. Ne4 fxg3 39. fxg3 g6 40. Ra6 g5 41. hxg5 Kg4 42. b4 h4 43. gxh4 Kf3 44. b5 Ke2 45. b6 Bxb6 46. Bxb6 Rc8 47. a8Q Nb4+ 48. Kb3 Rxa8 49. Rxa8 Nxd3 50. g6 Kf3 51. Ncd6 Nc1+ 52. Kc2 Ne2 53. Ra3+ Kg4 54. g7 Nf4 55. g8Q+ Kxh4 56. Qg5# 1-0

[Event "Titled Tuesday intern op 27th Jun Early"]
[Site "Chess.com INT"]
[Date "2023.06.27"]
[Round "6"]
[White "Jakubowski, Krzysztof"]
[Black "Philippe, Guillaume"]
[Result "1-0"]
[WhiteElo "2486"]
[BlackElo "2350"]
[PlyCount "61"]
[EventDate "2023.06.27"]
[EventType "swiss (blitz)"]
[EventRounds "11"]
[EventCountry "USA"]
[SourceTitle "EXT 2024"]
[Source "ChessBase"]
[SourceDate "2023.10.10"]
[SourceVersion "1"]
[SourceVersionDate "2023.10.10"]
[SourceQuality "1"]

1. e4 c5 2. Nf3 Nc6 3. d4 cxd4 4. Nxd4 Nf6 5. Nc3 e5 6. Ndb5 d6 7. Bg5 a6 8. Na3 b5 9. Nd5 Be7 10. Bxf6 Bxf6 11. c3 Ne7 12. Nxf6+ gxf6 13. Be2 Bb7 14. Bf3 d5 15. exd5 Bxd5 16. 0-0 Rg8 17. Nc2 Bxf3 18. Qxf3 Qd5 19. Qh3 Nf5 20. Rfd1 Qe4 21. Ne1 Rd8 22. Rxd8+ Kxd8 23. Qxh7 Rf8 24. Nf3 Ke7 25. Re1 Qc2 26. g4 Nd4 27. Qxc2 Nxc2 28. Rc1 e4 29. Nh4 Rg8 30. h3 Ke6 31. Rxc2 1-0